Score 0/23 Timer 04:00
0 Plays Today
Hints Answer % Correct
Steakhouse, or area in Australia outback
90.9%
90's boy band backstreet boys
90.1%
A ride on someone's shoulderspiggyback
90.1%
Type of shot in tennisbackhand
86.6%
To deletebackspace
83.4%
Sir Mix A Lot hit songbaby got back
82%
Reverseback up
82%
1985 movie starring Michael J. Foxback to the future
81.8%
Soft bookpaperback
79.9%
the general scene, surroundings, or circumstancesbackground
78.3%
Betrayal backstab
77.7%
Used to hold your booksbackpack
76.9%
Hints Answer % Correct
Arizona baseball teamdiamondbacks
72.1%
Relaxkickback
66.2%
Game consisting of 20 points, a home board and outer boardbackgammon
65.4%
Moneygreenback
60.9%
Particular style of carhatchback
57.6%
To mark or supply with a date that is earlier than the actual datebackdate
54.4%
Glass square, bank shotbackboard
50.7%
Arkansas mascotrazorbacks
45.3%
A strong and adverse reaction, recoilbacklash
31.9%
Fat Joe songlean back
30.8%
Negative effect, disadvantage or hindrance setback
26.5%

You're not logged in!

Compare scores with friends on all Sporcle quizzes.
OR
Log In

Sporcle TV

Today on Sporcle TV


Watch our educational content, quiz creation guides, and fun videos on Sporcle TV.

Show Comments

Extras

Created Oct 4, 2009ReportNominate
Tags:phrase

Top Quizzes Today


Score Distribution

Paid Content

Your Account Isn't Verified!

In order to create a playlist on Sporcle, you need to verify the email address you used during registration. Go to your Sporcle Settings to finish the process.

Report this User

Report this user for behavior that violates our Community Guidelines.

Details: